Culture Générale - Série 2494 - Statistiques

Statistiques générales
  • Ce quiz a été pris 165 fois
  • Le résultat moyen est 4 sur 10
Statistiques - réponses
Question Réponse % Correct
Quel est le titre de la chanson commençant par "Je vous parle d'un temps que les moins de vingt ans ne peuvent pas connaître " la Bohême
92%
Comment s'appelle la Haute-Volta depuis1984 ? Burkina Faso
53%
Symbole chimique de l'étain Sn
53%
Dans quel pays se trouve la Forteresse teutonique de Marienbourg ? Pologne
40%
Quelle révolutionnaire française figure légendaire de la Commune était surnommée "La vierge rouge" ? prénom et nom - voir photo Louise Michel
39%
Quelle révolutionnaire française est l’auteur de la « Déclaration des droits de la femme et de la citoyenne » ? Olympe de Gouges
33%
Fauteur de troubles, agitateur - 8 lettres commençant par " t " trublion
31%
Audace parfois imprudente témérité
29%
Tache sur la peau - convoitise envie
28%
Contenu d'un propos teneur
7%
Aucun quiz correspondant
Distribution des résultats
% des personnes avec chaque résultat
Percentile par nombre de réponses
Votre historique - résultats
Vous n’avez pas pris ce quiz